Every Song by Papa Roach - Statistics

General Stats
  • This quiz has been taken 25 times
  • The average score is 49 of 152
Answer Stats
Album Song % Correct
Infest(2000) Last Resort
95%
Getting Away with Murder(2004) Getting Away with Murder
84%
Infest(2000) Infest
74%
Crooked Teeth(2017) Crooked Teeth
68%
Who Do You Trust?(2019) Who Do You Trust?
63%
Infest(2000) Between Angels and Insects
58%
Ego Trip(2022) Ego Trip
58%
Ego Trip(2022) Leave a Light On
58%
The Paramour Sessions(2006) ...To Be Loved
58%
Metamorphosis(2009) Hollywood Whore
53%
Getting Away with Murder(2004) Scars
53%
Lovehatetragedy(2002) She Loves Me Not
53%
Crooked Teeth(2017) Sunrise Trailer Park
53%
Getting Away with Murder(2004) Blood (Empty Promises)
47%
Infest(2000) Broken Home
47%
Time for Annihilation: On the Record & On the Road(2010) Burn
47%
Ego Trip(2022) Cut the Line
47%
Infest(2000) Dead Cell
47%
F.E.A.R.(2015) Face Everything and Rise
47%
Crooked Teeth(2017) Help
47%
Time for Annihilation: On the Record & On the Road(2010) Kick in the Teeth
47%
Lovehatetragedy(2002) Lovehatetragedy
47%
Crooked Teeth(2017) American Dreams
42%
Infest(2000) Binge
42%
Infest(2000) Blood Brothers
42%
Who Do You Trust?(2019) Elevate
42%
Ego Trip(2022) Kill the Noise
42%
The Connection(2012) Leader of the Broken Hearts
42%
Time for Annihilation: On the Record & On the Road(2010) No Matter What
42%
Ego Trip(2022) Swerve
42%
Getting Away with Murder(2004) Take Me
42%
Infest(2000) Tightrope
42%
Lovehatetragedy(2002) Time and Time Again
42%
Getting Away with Murder(2004) Be Free
37%
Ego Trip(2022) Bloodline
37%
Crooked Teeth(2017) Born for Greatness
37%
Lovehatetragedy(2002) Born with Nothing, Die with Everything
37%
F.E.A.R.(2015) Broken as Me
37%
Lovehatetragedy(2002) Decompression Period
37%
F.E.A.R.(2015) Falling Apart
37%
The Paramour Sessions(2006) Forever
37%
F.E.A.R.(2015) Gravity
37%
Metamorphosis(2009) I Almost Told You That I Loved You
37%
Ego Trip(2022) Liar
37%
Lovehatetragedy(2002) M-80 (Explosive Energy Movement)
37%
Ego Trip(2022) No Apologies
37%
Crooked Teeth(2017) Periscope
37%
Infest(2000) Snakes
37%
Ego Trip(2022) Stand Up
37%
The Connection(Bonus)(2012) 9th Life
32%
Ego Trip(2022) Always Wandering
32%
Who Do You Trust?(2019) Better Than Life
32%
Lovehatetragedy(2002) Black Clouds
32%
Crooked Teeth(2017) Break the Fall
32%
Lovehatetragedy(2002) Code of Energy
32%
Getting Away with Murder(2004) Done with You
32%
Getting Away with Murder(2004) Do or Die
32%
Ego Trip(2022) Dying to Believe
32%
F.E.A.R.(Bonus)(2015) Fear Hate Love
32%
Ego Trip(2022) I Surrender
32%
Lovehatetragedy(2002) Life is a Bullet
32%
Metamorphosis(2009) Lifeline
32%
Crooked Teeth(2017) My Medication
32%
Metamorphosis(2009) Nights of Love
32%
Crooked Teeth(2017) None of the Above
32%
Who Do You Trust?(2019) Not the Only One
32%
Who Do You Trust?(2019) Renegade Music
32%
Infest(2000) Revenge
32%
F.E.A.R.(2015) Skeletons
32%
The Connection(2012) Still Swingin'
32%
Who Do You Trust?(2019) The Ending
32%
Who Do You Trust?(2019) Top of the World
32%
F.E.A.R.(2015) Warriors
32%
The Connection(2012) As Far as I Remember
26%
The Connection(2012) Before I Die
26%
Getting Away with Murder(2004) Blanket of Fear
26%
Crooked Teeth(Bonus)(2017) Bleeding Through
26%
The Connection(2012) Breathe You In
26%
Metamorphosis(2009) Carry Me
26%
Metamorphosis(2009) Change or Die
26%
Who Do You Trust?(2019) Come Around
26%
The Paramour Sessions(2006) Crash
26%
Metamorphosis(2009) Days of War
26%
F.E.A.R.(2015) Devil
26%
The Connection(2012) Engage
26%
Who Do You Trust?(2019) Feel Like Home
26%
The Connection(2012) Give Me Back My Life
26%
Getting Away with Murder(Bonus)(2004) Harder Than a Coffin Nail
26%
Metamorphosis(2009) Into the Light
26%
Old Friends from Young Years(1997) intro
26%
Who Do You Trust?(2019) I Suffer Well
26%
Ego Trip(2022) Killing Time
26%
Metamorphosis(2009) Live This Down
26%
F.E.A.R.(2015) Love Me Till It Hurts
26%
Who Do You Trust?(2019) Maniac
26%
Metamorphosis(2009) March Out of the Darkness
26%
Infest(2000) Never Enough
26%
F.E.A.R.(2015) Never Have to Say Goodbye
26%
Crooked Teeth(Bonus)(2017) Nothing
26%
Getting Away with Murder(2004) Not Listening
26%
The Connection(2012) Not That Beautiful
26%
Who Do You Trust?(2019) Problems
26%
The Paramour Sessions(2006) Reckless
26%
The Connection(2012) Silence is the Enemy
26%
Lovehatetragedy(2002) Singular Indestructible Droid
26%
Getting Away with Murder(2004) Sometimes
26%
Getting Away with Murder(2004) Stop Looking Start Seeing
26%
Old Friends from Young Years(1997) Thanx
26%
Time for Annihilation: On the Record & On the Road(2010) The Enemy
26%
The Paramour Sessions(2006) The World Around You
26%
The Paramour Sessions(2006) Time is Running Out
26%
Crooked Teeth(2017) Traumatic
26%
Ego Trip(2022) Unglued
26%
The Connection(2012) Walking Dead
26%
Lovehatetragedy(2002) Walking Thru Barbed Wire
26%
F.E.A.R.(2015) War Over Me
26%
The Connection(Bonus)(2012) What's Left of Me
26%
The Connection(2012) Where Did the Angels Go
26%
The Connection(2012) Wish You Never Met Me
26%
The Connection(2012) Won't Let Up
26%
Old Friends from Young Years(1997) 829
21%
The Paramour Sessions(2006) Alive (N' Out of Control)
21%
Old Friends from Young Years(1997) DIRTYcutFREAK
21%
Old Friends from Young Years(1997) GrrBrr
21%
Metamorphosis(2009) Had Enough
21%
Old Friends from Young Years(1997) Happy Birthday
21%
Old Friends from Young Years(1997) hedake
21%
F.E.A.R.(Bonus)(2015) Hope for the Hopeless
21%
The Paramour Sessions(2006) I Devise My Own Demise
21%
...To Be Loved: The Best of Papa Roach(2010) Just Go (Never Look Back)
21%
Old Friends from Young Years(1997) Liquid Diet
21%
Old Friends from Young Years(1997) Living Room
21%
The Paramour Sessions(2006) My Heart is a Fist
21%
Lovehatetragedy(Bonus)(2002) Never Said It
21%
Time for Annihilation: On the Record & On the Road(2010) One Track Mind
21%
Old Friends from Young Years(1997) Orange Drive Palms
21%
Crooked Teeth(Bonus)(2017) Ricochet
21%
The Paramour Sessions(2006) Roses on My Grave
21%
Old Friends from Young Years(1997) Shut Up n Die
21%
The Paramour Sessions(Bonus)(2006) SOS
21%
Metamorphosis(2009) State of Emergency
21%
Infest(2000) Thrown Away
21%
Getting Away with Murder(2004) Tyranny of Normality
21%
The Paramour Sessions(2006) What Do You Do?
21%
Getting Away with Murder(Bonus)(2004) Caught Dead
16%
Infest(Bonus)(2000) Legacy
16%
The Paramour Sessions(2006) No More Secrets
16%
The Connection(Bonus)(2012) Set Me Off
16%
The Paramour Sessions(Bonus)(2006) The Addict
16%
The Paramour Sessions(2006) The Fire
16%
The Paramour Sessions(Bonus)(2006) Heridas
5%
Old Friends from Young Years(1997) iSEDuF**nDie
5%
No matching quizzes found
Score Distribution
Percent of People with Each Score
Percentile by Number Answered
Your Score History
You have not taken this quiz